LEADER 01349nam 2200325Ia 450 001 996391582603316 005 20221108033042.0 035 $a(CKB)1000000000665691 035 $a(EEBO)2240849585 035 $a(UnM)99899899 035 $a(UnM)9928982900971 035 $a(EXLCZ)991000000000665691 100 $a19940622d1655 uy | 101 0 $aeng 135 $aurbn||||a|bb| 200 12$aA brief explication upon the other fifty Psalms: from Psal. 50. to Psal. 100. By David Dickson, professour of divinity in the Colledge of Edenburgh. The second edition corrected. Imprimatur, Edmund Calamy, July 16. 1653$b[electronic resource] 210 $aLondon $cprinted by T.M. for Thomas Johnson at the Key in Pauls Church-yard$d1655 215 $a[8], 399, [1] p 300 $aReproduction of original in the Folger Shakespeare Library. 330 $aeebo-0055 700 $aDickson$b David$f1583?-1663.$01001956 801 0$bCu-RivES 801 1$bCu-RivES 801 2$bCStRLIN 801 2$bCu-RivES 801 2$bWaOLN 906 $aBOOK 912 $a996391582603316 996 $aA brief explication upon the other fifty Psalms: from Psal. 50. to Psal. 100. By David Dickson, professour of divinity in the Colledge of Edenburgh. The second edition corrected. Imprimatur, Edmund Calamy, July 16. 1653$92384022 997 $aUNISA